| 000 | 00657cam a2200241 4500 | ||
|---|---|---|---|
| 001 | J1520 | ||
| 008 | 090401t1993 xxu||||| |||| 00| 0 eng d | ||
| 035 | _a(Sirsi) u43950 | ||
| 041 | _aeng | ||
| 050 | _a693.832 | ||
| 100 | _aAnderson, B.R. | ||
| 245 | 4 | _aThe U-value of solid ground floors with edge insulation. | |
| 260 |
_aGarston, Watford _bBuilding Research Establishment _c1993 |
||
| 300 | _a(4)p. ; 30cm. | ||
| 350 | _a0 | ||
| 490 |
_aBRE Information Paper _v7/93 |
||
| 650 | _aSOLID GROUND FLOORS | ||
| 650 | _aU-VALUES | ||
| 690 | _aBUILT ENVIRONMENT | ||
| 710 | _aBuilding Research Establishment | ||
| 942 | _n0 | ||
| 948 | _c04/03/1997 | ||
| 999 |
_c91412 _d91412 |
||